[Event "Olympiad-43"]
[Site "Batumi"]
[Date "2018.09.28"]
[Round "5.1"]
[White "Anand, Viswanathan"]
[Black "Delgado Ramirez, Neuris"]
[Result "1-0"]
[WhiteElo "2771"]
[BlackElo "2619"]
[Annotator "Ganguly, Surya Sekhar "]
[PlyCount "51"]
[EventDate "2018.09.24"]
[EventType "team-swiss"]
[EventRounds "11"]
[EventCountry "GEO"]
[SourceTitle "CBM 187"]
[Source "ChessBase"]
[SourceDate "2018.12.11"]
[SourceVersion "1"]
[SourceVersionDate "2018.12.11"]
[SourceQuality "1"]
[WhiteTeam "India"]
[BlackTeam "Paraguay"]
[WhiteTeamCountry "IND"]
[BlackTeamCountry "PAR"]

1. e4 c5 2. Nf3 Nc6 3. Bb5 Nf6 4. Nc3 e5 {A rarely played line at top level.
Although it has been tried by Carlsen and Kramnik it never gained popularity
and that is for a specific reason. As we will see this game demonstrates quite
nicely why this line never got that much attention from the black side.} 5.
Bxc6 dxc6 6. Nxe5 {It's a bit surprising that Black started to think after
this move despite this being one of the main moves and more importantly the
one which had been played by Anand himself against Kramnik back in 2003.} Nxe4
7. Nxe4 Qd4 8. Qe2 Qxe5 9. f4 Qe7 ({The aforementioned Anand - Kramnik game
continued in the following way...} 9... Qxf4 10. d4 Qh4+ 11. g3 Qe7 {½-½ (40)
Anand,V (2753)-Kramnik,V (2807) Monte Carlo 2003, and White had great
compensation.}) 10. f5 Bd7 $6 (10... g6 {This is by far the best move and was
seen in a correspondence game which went} 11. fxg6 (11. O-O $5 Bxf5 12. Nd6+
Kd7 13. Qxe7+ Bxe7 14. Nxf5 {also gives White a slight edge}) 11... hxg6 12. d3
Bg7 13. Bg5 Qe6 14. O-O {½-½ (39) Nekhaev,A (2514)-Klügel,D (2507) ICCF
2016, and White had slightly better position.}) 11. O-O $1 (11. Nd6+ {leads
nowhere.} Kd8 12. Qxe7+ Kxe7 13. Nxb7 Bxf5) 11... O-O-O 12. d3 $16 {Now White
has a clear target on the queenside and his king is safer than its counterpart.
} c4 {A new move which doesn't change the fact that Black has a horrible
position.} (12... Re8 13. Bf4 Qd8 14. Bg3 $16 {0-1 (72) Kozganbayev,E (2362)
-Ismagambetov,A (2508) Astana 2014}) 13. Be3 {Strong but there was a much
stronger move than this} (13. Qf2 $1 {Keeping the options open for the
c1-bishop and making Black's life much more difficult} c5 (13... Kb8 14. Be3)
14. Re1 $1 {basically kills!} Qe5 15. Bg5 f6 16. Nxf6 Qxf5 17. Nxd7 Qxg5 18.
Re5 {followed by Nc5 and White's position is crushing.}) 13... Qe5 14. Qf2 $1
cxd3 (14... b6 15. a4 {doesn't look that promising either.}) 15. cxd3 Be8 {
When one has to play moves like this it is clear something has gone horribly
wrong.} 16. Bxa7 $1 Rxd3 17. Rae1 {With all White's forces together and
Black's pieces hardly developed there is no way Black can save the game.} Bd6 (
17... Bd7 18. Nc3 Qa5 (18... Qf6 19. Qc2 $18) 19. Bb6 Qa6 20. Re4 $18 {[%cal
Ge4a4]}) 18. Nxd6+ (18. g3 {would also suffice.}) 18... Qxd6 19. Bc5 (19. Bb6
Rd5) 19... Qd5 20. Bb6 $1 {[%cal Gf2f4]} Bd7 $2 (20... c5 {was the last chance
to activate the bishop.} 21. Rc1 Bc6 22. Rxc5 Rd2 23. Rxd5 Rxf2 24. Rfd1 Bxd5
25. Kxf2 Bc6 26. g4 $16) 21. Re7 Rd1 22. h3 {Not in a hurry.} Rxf1+ 23. Qxf1
Qd6 (23... Qd2 24. Qf3) 24. Qe1 $1 {The killer blow. Nothing stops the queen
anymore.} c5 25. Qa5 Qd4+ 26. Kh1 {A very smooth and instructive game by Anand.
} 1-0

[Event "Gibraltar Masters"]
[Site "Caleta"]
[Date "2005.01.25"]
[Round "1"]
[White "Tissir, Mohamed"]
[Black "Georgiev, Kiril"]
[Result "0-1"]
[WhiteElo "2426"]
[BlackElo "2654"]
[Annotator "Georgiev,Ki"]
[PlyCount "92"]
[EventDate "2005.01.25"]
[EventType "swiss"]
[EventRounds "10"]
[EventCountry "GGB"]
[SourceTitle "CBM 104 Extra"]
[Source "ChessBase"]
[SourceDate "2005.03.01"]
[SourceVersion "1"]
[SourceVersionDate "2005.03.01"]
[SourceQuality "1"]

1. e4 c5 2. Nc3 Nc6 3. Bb5 Nd4 4. Bc4 e6 5. Nf3 Nf6 6. O-O a6 7. a4 Qc7 (7...
d5 $5 8. exd5 $140 exd5 9. Nxd5 $2 Nxd5 10. Nxd4 cxd4 11. Qh5 Be6 12. Re1 Be7
$1 13. Rxe6 Nf4 $19) 8. h3 Be7 9. d3 Nc6 $146 (9... O-O 10. Re1 (10. Nxd4 cxd4
11. Ne2 Nxe4 12. Nxd4 $11) 10... d6 11. Bg5 $13) 10. Re1 d6 11. Bf4 O-O 12. Bg3
b6 13. e5 (13. Bb3 Bb7 14. Qd2 $11) 13... dxe5 14. Nxe5 Bd6 15. Nxc6 (15. f4
Nd4 $5 (15... Bb7)) 15... Bxg3 16. fxg3 Qxc6 17. g4 (17. Qf3 $5 Bb7 (17... Qc7
$5 18. Qxa8 Bb7 19. Qa7 (19. Qxf8+ Kxf8 20. Re3 $15) 19... Ra8 20. Qxa8+ Bxa8
21. Re3) 18. Qxc6 Bxc6 19. g4 $11) 17... Bb7 18. Qe2 (18. Qd2 $5 Nd5 $140 $6 (
18... Rad8) 19. Nxd5 exd5 20. d4 $14) 18... Nd5 $1 19. Bxd5 (19. Nxd5 exd5 20.
Bb3 Rae8 21. Qf3 Re6 $15) 19... exd5 20. Qf2 d4 21. Ne4 Rae8 $15 22. Re2 Re6
23. b3 h6 24. Rae1 Qc7 25. Ng3 (25. g5 $1 Bxe4 (25... hxg5 26. Nxg5 Rf6 27. Qh4
Rh6 28. Qf2 $11) 26. Rxe4 Rxe4 27. Rxe4 hxg5 28. Qf5 $44) 25... Rfe8 26. Rxe6
Rxe6 27. Rxe6 $2 (27. Nf5 $142 Kh7 28. Qd2 $15) 27... fxe6 28. Nh5 Qe5 29. Qg3
$6 (29. Nf4 Kh7 $17) 29... Qxg3 30. Nxg3 {[%csl Gb7,Rg3]} Kf7 31. Kf2 g6 32.
Nf1 e5 33. Nd2 Ke6 34. h4 Bd5 35. Nc4 b5 36. axb5 axb5 37. Nd2 Bc6 38. g3 e4 $1
39. dxe4 Ke5 40. g5 h5 $1 41. Kf3 Bd7 42. Ke2 Be6 43. Kd3 Bg4 44. Nf1 (44. c3
dxc3 45. Kxc3 Be2 $19 (45... Bd1 $19)) 44... c4+ 45. bxc4 bxc4+ 46. Kd2 c3+ 0-1

[Event "EU-chT (Men) 13th"]
[Site "Leon"]
[Date "2001.11.06"]
[Round "1.1"]
[White "Galego, Luis"]
[Black "Krasenkow, Michal"]
[Result "0-1"]
[WhiteElo "2503"]
[BlackElo "2592"]
[Annotator "Gershon,A"]
[PlyCount "74"]
[EventDate "2001.11.06"]
[EventType "team-swiss"]
[EventRounds "9"]
[EventCountry "ESP"]
[SourceTitle "CBM 086"]
[Source "ChessBase"]
[SourceDate "2002.02.05"]
[SourceVersion "1"]
[SourceVersionDate "2002.02.05"]
[SourceQuality "1"]
[WhiteTeam "Portugal"]
[BlackTeam "Poland"]
[WhiteTeamCountry "POR"]
[BlackTeamCountry "POL"]

1. e4 c5 2. Nf3 Nc6 3. Bb5 e6 4. Bxc6 bxc6 5. O-O Ne7 6. d3 Ng6 7. Ng5 e5 (7...
Be7 8. Qh5 d6 9. f4 Bxg5 10. fxg5 e5 11. Be3 Be6 12. Nd2 Qd7 13. h3 O-O 14. Rf2
Kh8 15. b3 Qe7 16. Nf1 a5 17. Ng3 a4 18. Raf1 $16 {1-0 Rozentalis,E-Hansen,S/
Castrop Rauxel GER 2001/The Week in Chess 335 (39). (38)}) (7... h6 8. Nh3 e5
9. f4 exf4 10. Nxf4 Nxf4 11. Bxf4 d6 12. Qf3 Be6 13. Qg3 g5 14. Bd2 Rg8 15. Bc3
Rg6 16. Nd2 h5 17. Nc4 h4 18. Qe1 Be7 19. Ne3 d5 20. Nf5 d4 21. Bd2 Qd7 22. b3
Bd8 23. Qe2 Bc7 24. Qh5 $14 {1-0 Kallio,H-Milanovic,D/Belgrade YUG 2001/The
Week in Chess 338 (62)}) (7... f6 8. Nh3 Be7 $5 (8... d5 9. Qh5 Qc7 10. f4 Qf7
11. c4 Bd6 12. Qe2 O-O 13. Nc3 Re8 14. e5 Bf8 15. Bd2 Nh4 16. g4 f5 17. g5 Rb8
18. b3 Rd8 19. Na4 Ng6 20. Be3 d4 21. Bc1 Be7 22. Ba3 Qf8 23. Kh1 Bd7 24. Ng1
Be8 25. Rf3 $16 {1-0 Hamdouchi,H-Miladinovic,I/Saint Vincent 2000/CBM 74 ext 
(35)}) 9. f4 O-O 10. Nd2 d6 11. Qe2 f5 12. Nf3 Bf6 13. Nf2 e5 14. g3 exf4 15.
gxf4 fxe4 16. dxe4 Qb6 $132 {0-1 Alavkin,A-Kurnosov,I/Togliatty RUS 2001/The
Week in Chess 354 (31)}) 8. Qh5 Qe7 9. Nh3 $6 (9. Na3 $142 d6 10. Nc4 h6 11.
Nh3 Bxh3 ({I would haev preferred:} 11... Be6 {keeping the light squared B on
the board. The text hands white the initiative for good.}) 12. Qxh3 Qe6 13.
Qxe6+ fxe6 14. Bd2 $16) 9... d6 10. Bg5 Qb7 11. b3 Bd7 {[%cal Gb7c8,Yd7g4]} 12.
f3 h6 $11 13. Be3 Qc8 14. Nd2 $2 (14. Nc3 {[%csl Rf4][%cal Gc3e2] white has to
cover the 'f4' sqaure}) 14... d5 $1 {exploiting white's pieces'
discoordination.} 15. Rae1 (15. exd5 cxd5 16. Rae1 Be7) 15... Be7 {
threatenning d4 & Bh3} (15... d4 16. Bf2 Bxh3 17. gxh3 Bd6 18. Bg3 Qe6 19. Nc4
Bc7 $15) 16. g4 $8 d4 17. Bf2 Qc7 18. Bg3 Be6 19. f4 $2 {white must not open
the game!} (19. Nc4 Bxc4 20. bxc4 $11) 19... exf4 20. Nxf4 Nxf4 21. Bxf4 Qd7 {
[%csl Rg4]} 22. Qe5 (22. h3 g5 23. Be5 Rh7 $17 {[%csl Rh5]}) 22... Bxg4 23.
Qxg7 O-O-O 24. Qe5 Kb7 {black K is much more secure now than white's. White
has no answer to black's light colored B} 25. Bg3 f6 26. Qf4 Bh3 27. Rf2 Rdg8
28. Kh1 h5 29. Nf3 h4 $1 30. Nxh4 (30. Bxh4 Rg4 31. Qd2 Rgxh4 32. Nxh4 Rxh4 {
-the game}) 30... Rg4 31. Qf3 Rgxh4 32. Bxh4 Rxh4 33. Rg1 Rh7 34. Rg6 Bd8 35.
Qg3 f5 {[%cal Gd8h4] the final blow, after the opening the long /^ white's is
doomed.} 36. Kg1 (36. Rd2 fxe4 37. dxe4 Bc7 38. Qd3 Qf7 $19) 36... Bh4 37. exf5
Bxg3 0-1

[Event "Corus"]
[Site "Wijk aan Zee"]
[Date "2002.01.19"]
[Round "6"]
[White "Adams, Michael"]
[Black "Lautier, Joel"]
[Result "1/2-1/2"]
[WhiteElo "2742"]
[BlackElo "2687"]
[Annotator "Gershon,A"]
[PlyCount "58"]
[EventDate "2002.01.12"]
[EventType "tourn"]
[EventRounds "13"]
[EventCountry "NED"]
[EventCategory "18"]
[SourceTitle "CBM 087"]
[Source "ChessBase"]
[SourceDate "2002.03.21"]
[SourceVersion "1"]
[SourceVersionDate "2002.03.21"]
[SourceQuality "1"]

1. e4 c5 2. Nf3 Nc6 3. Bb5 e6 4. O-O Nge7 5. c3 a6 6. Ba4 b5 7. Bc2 Bb7 8. Qe2
Ng6 (8... d5 {is worth considering} 9. e5 d4 10. Be4 Ng6 (10... Nd5 $5) 11.
cxd4 cxd4 12. d3 Be7 13. Nbd2 (13. a4 O-O 14. Na3 Qb6 15. Bd2 Rfc8 16. Rfc1 h6
17. Qe1 Nf8 18. axb5 axb5 19. Nc2 Rxa1 20. Nxa1 Ra8 21. Nb3 Ra4 22. h3 $13 {
1/2-1/2 Zhang Zhong-Wu Wenjin/HeiBei CHN 2001/The Week in Chess 351 (73)})
13... Qd7 (13... Qc7 14. Nb3 O-O 15. Bd2 Rfc8 16. Rac1 Qb6 17. h4 $36 {1-0
Smirin,I-Krasenkow,M/Dos Hermanas ESP 2001/The Week in Chess 337 (72)}) 14. Nb3
Rd8 15. Bd2 Nb4 16. Nfxd4 Nc6 17. Nf3 Nb4 18. Bxb7 Qxb7 19. d4 O-O 20. Rfc1 Qd5
21. Nc5 Nc6 22. Be3 $16 {1-0 Smirin,I-Finegold,B/Philadelphia USA 2001/The
Week in Chess 351 (53)}) 9. d4 cxd4 10. cxd4 Nh4 (10... Rc8 11. Rd1 Be7 12. a4
Nb4 13. Bb3 bxa4 14. Bxa4 O-O 15. Nc3 d5 16. e5 Qb6 17. Bg5 Bxg5 18. Nxg5 h6
19. Nf3 Rc7 20. Bc2 Bc6 21. Bb1 Rb8 22. h4 Bb5 23. Qe3 $14 {1/2-1/2 Potkin,
V-Sveshnikov,E/Elista RUS 2001/The Week in Chess 339 (57)}) 11. Rd1 (11. Nbd2
Rc8 12. d5 Ne5 13. Nd4 (13. Bb3 Nexf3+ 14. Nxf3 Nxf3+ 15. Qxf3 Bd6 16. Bf4 Bxf4
17. Qxf4 O-O 18. Rad1 {[%cal Gd5e6,Yd1d8]} (18. d6 Qb6 {[%cal Gb6d4]} 19. Rad1
Qc5 $11) 18... Qc7 $11 {1-0 Degraeve,J-Nataf,I/Clichy 2001/CBM 85/[Gershon] 
(45) Black has successfully solved all his opening problems}) 13... Bd6 14.
N2b3 Nc4 {1/2-1/2 Degraeve,J-Bacrot,E/Marsailles 2001/CBM 85 (14)}) 11... Rc8
12. Nxh4 $6 (12. Nc3 $5 $146 {White wants to postpone the capture on h4,
making black's development uncomfortable.} Be7 (12... Nxf3+ 13. Qxf3 Be7) 13.
Nxh4 Bxh4 14. e5 O-O 15. Qh5 g6 16. Qh6 d5 (16... Nb4) 17. Rd3 f5 18. Rh3 g5
19. Be3 b4 20. Ne2 Rf7 21. f4 $18 {1-0 Rublevsky,S-Mikhalevski,V/Moscow RUS
2002/The Week in Chess 379 (30). (29)}) 12... Qxh4 {Black queen on h4 is very
annoying, stopping white's K side play, while black has the edge on the Q side.
} 13. Nc3 $6 {the knight is misplaced on c3. White should try to move it
towards the K side} (13. a4 $2 Nb4 $17 {[%csl Re4]}) (13. a3 $5 {[%cal Gb1d2,
Yc1e3,Gd2f3]}) 13... Be7 14. Be3 O-O 15. f3 {[%csl Re4][%cal Ge3f2]} Na5 $11 {
[%csl Rb2,Re3][%cal Ga5c4]} 16. Bd3 Qh5 (16... Nc4 $143 17. Bf2 Qh5 18. a4 $14)
17. Bf2 Rfe8 {[%cal Gd7d5] It's really hard to find a good plan for white here.
Black's position is very solid} 18. Nb1 {[%cal Gb1d2,Gd2f1,Gf1g3] Mickey is
trying to tranfer the knight to the K flank. It's doing nothing on c3} (18. e5
d5 {see the game}) 18... d5 19. e5 f6 {a typical break in this french-type
position} 20. Nd2 (20. exf6 $143 $2 Bxf6 {[%csl Rd4]} 21. Nd2 e5 $17 {[%cal
Ge8e2]}) 20... Nc4 21. Nf1 fxe5 22. dxe5 Bc5 (22... Qxe5 $2 23. Bxc4 Bf6 24.
Qxe5 Bxe5 25. Bb3 Bxb2 26. Rab1 $18) (22... Nxe5 $2 23. Ng3 Qg5 24. h4 Qf6 25.
Nh5 $18) 23. Bxc5 Rxc5 24. Rac1 {[%cal Gb2b3]} Rec8 25. Re1 Qh4 $1 {[%cal
Gh4d4]} 26. b3 Nb6 (26... Qd4+ $142 27. Kh1 (27. Qf2 $4 Qxf2+ 28. Kxf2 Nb2 $1
$19) 27... Nb6 {[%cal Gb6d7]} (27... Nb2 $5 28. Rxc5 Rxc5 29. Bb1 Qc3 {[%cal
Gd5d2]} 30. f4 $1 d4 31. Bxh7+ Kxh7 32. Qh5+ $11) 28. Rxc5 Rxc5 $15) 27. Rxc5
Rxc5 28. Qf2 Qxf2+ 29. Kxf2 d4 (29... d4 30. Rd1 Rxe5 31. Bb1 Rd5 32. Be4 Rd7
33. Bxb7 Rxb7 34. Rxd4 $14) 1/2-1/2

[Event "FIDE-Wch k.o."]
[Site "Moscow"]
[Date "2001.11.30"]
[Round "2.2"]
[White "Sutovsky, Emil"]
[Black "Vallejo Pons, Francisco"]
[Result "1-0"]
[WhiteElo "2664"]
[BlackElo "2630"]
[Annotator "Gershon,A"]
[PlyCount "53"]
[EventDate "2001.11.27"]
[EventType "k.o."]
[EventRounds "7"]
[EventCountry "RUS"]
[SourceTitle "CBM 086"]
[Source "ChessBase"]
[SourceDate "2002.02.05"]
[SourceVersion "1"]
[SourceVersionDate "2002.02.05"]
[SourceQuality "1"]

1. e4 c5 2. Nf3 Nc6 3. Bb5 Qa5 {A very rare move.black's idea is similar to 3..
.a6, only here he also prevents white's 'd' P from moving and keeps the 'a6'
square free for the B} 4. Bxc6 bxc6 5. e5 $1 {I like this move. White is
creating problems for black to develop his pieces.} (5. O-O g6 6. d3 Bg7 7.
Nbd2 d6 8. e5 dxe5 9. Re1 Qc7 10. Qe2 f6 11. Ne4 Nh6 12. Bxh6 Bxh6 13. Nxc5 O-O
14. Rad1 $14 {1-0 Miralles,G-Bellon Lopez,J/France 1999/EXT 2000 (43). (42)})
5... c4 (5... d6 6. exd6 exd6 7. O-O {and black has major problems to finish
his development.}) 6. Qe2 Ba6 7. Nc3 Rb8 8. O-O Nh6 ({of course not:} 8... e6 {
[%csl Rd6]} 9. Ne4) 9. d4 cxd3 10. cxd3 Nf5 (10... g6 11. Bf4 Bg7 12. Qd2 $16 {
[%csl Rh6]}) 11. g4 $1 Nh6 12. h3 e6 13. Bxh6 gxh6 14. Ne4 {[%csl Rd6,Re8,Rf6]}
Be7 15. Qe3 Rxb2 $2 (15... Qb6 $142 16. Qxh6 Bxd3 17. Nf6+ (17. Nd6+ Bxd6 18.
exd6 Bxf1 19. Qf6 O-O $11) 17... Bxf6 18. Qxf6 Rf8 19. Rfe1 Qxb2 20. Rad1 {
with a strong compensation.}) 16. Nd6+ $1 Bxd6 17. exd6 {[%csl Yb2,Yh8][%cal
Ge3d4]} Qd5 18. Qxh6 {[%cal Gh6f6]} Rb5 {a decisive mistake} (18... Re2 $1 19.
Qf6 (19. Ng5 Qxd6 20. Nxh7 Rxh7 21. Qxh7 Bxd3 22. Qg8+ Ke7 23. Qg5+ Ke8 $13)
19... O-O 20. Rfe1 (20. d4 $5 $13) 20... Bxd3 (20... Rxe1+ $2 21. Rxe1 Qxd3 22.
Qg5+ Kh8 23. Qe7 Kg7 24. Ne5 $40) 21. Ne5 (21. Rxe2 Bxe2 22. Nd4 Bd3 23. Re1
Qxd6) 21... Qxd6 $11) 19. Qf6 O-O 20. Rfe1 h6 (20... Qxd6 21. Ne5 Qd4 22. Rad1
d6 23. Qg5+ Kh8 24. Qh6 Kg8 25. Nd7 $16) 21. Ne5 Qd4 22. Rad1 {[%cal Ge1e4]}
Qxd6 23. g5 $18 h5 (23... hxg5 24. Qxg5+ Kh7 25. Re4 $18) 24. g6 fxg6 25. Qxg6+
Kh8 26. Qxh5+ Kg7 27. Qg5+ 1-0

[Event "USA-ch"]
[Site "Seattle"]
[Date "2002.01.11"]
[Round "7"]
[White "Schneider, Dmitry"]
[Black "Gulko, Boris F"]
[Result "0-1"]
[WhiteElo "2412"]
[BlackElo "2601"]
[Annotator "Gershon,A"]
[PlyCount "64"]
[EventDate "2002.01.05"]
[EventType "swiss"]
[EventRounds "9"]
[EventCountry "USA"]
[SourceTitle "CBM 087"]
[Source "ChessBase"]
[SourceDate "2002.03.21"]
[SourceVersion "1"]
[SourceVersionDate "2002.03.21"]
[SourceQuality "1"]

1. e4 c5 2. Nf3 Nc6 3. Bb5 e6 4. O-O Nge7 5. c3 a6 6. Ba4 b5 7. Bc2 Bb7 8. Qe2
d5 (8... Ng6 9. d4 cxd4 10. cxd4 Nh4 (10... Rc8 11. Rd1 Be7 12. a4 Nb4 13. Bb3
bxa4 14. Bxa4 O-O 15. Nc3 d5 16. e5 Qb6 17. Bg5 Bxg5 18. Nxg5 h6 19. Nf3 Rc7
20. Bc2 Bc6 21. Bb1 Rb8 22. h4 Bb5 23. Qe3 $14 {1/2-1/2 Potkin,V-Sveshnikov,E/
Elista RUS 2001/The Week in Chess 339 (57)}) 11. Rd1 (11. Nbd2 Rc8 12. d5 Ne5
13. Bb3 (13. Nd4 Bd6 14. N2b3 Nc4 {1/2-1/2 Degraeve,J-Bacrot,E/Marsailles FRA
2001/The Week in Chess 355 (14)}) 13... Nexf3+ 14. Nxf3 Nxf3+ 15. Qxf3 Bd6 16.
Bf4 Bxf4 17. Qxf4 O-O 18. Rad1 (18. d6 Qb6 {[%cal Gb6d4]} 19. Rad1 Qc5 $11)
18... Qc7 19. Qd2 Rfe8 $11) 11... Rc8 12. Nxh4 Qxh4 13. Nc3 Be7 14. Be3 O-O 15.
f3 Na5 16. Bd3 Qh5 17. Bf2 Rfe8 $11 {1/2-1/2 Adams,M-Lautier,J/Wijk aan Zee
NED 2002/The Week in Chess 376 (29). (29)}) 9. e5 d4 (9... Qb6 $5) 10. Be4 Nd5
(10... Ng6 $143 11. cxd4 cxd4 12. d3 Be7 13. Nbd2 (13. a4 O-O 14. Na3 Qb6 15.
Bd2 Rfc8 16. Rfc1 h6 17. Qe1 Nf8 18. axb5 axb5 19. Nc2 Rxa1 20. Nxa1 Ra8 21.
Nb3 Ra4 22. h3 $13 {1/2-1/2 Zhang Zhong-Wu Wenjin/HeiBei CHN 2001/The Week in
Chess 351 (73)}) 13... Qd7 (13... Qc7 14. Nb3 O-O 15. Bd2 Rfc8 16. Rac1 Qb6 17.
h4 $36 {1-0 Smirin,I-Krasenkow,M/Dos Hermanas ESP 2001/The Week in Chess 337 
(72)}) 14. Nb3 Rd8 15. Bd2 Nb4 16. Nfxd4 Nc6 17. Nf3 Nb4 18. Bxb7 Qxb7 19. d4
O-O 20. Rfc1 Qd5 21. Nc5 Nc6 22. Be3 $16 {1-0 Smirin,I-Finegold,B/Philadelphia
USA 2001/The Week in Chess 351 (53)}) 11. cxd4 Nxd4 12. Nxd4 cxd4 13. d3 {
White has given black a lot of space , while getting prepared to attack
black's K side castle. However, black monarch feels very comfortably in the
center as well.} Qc7 {a multitasking move: attacking the 'e5' pawn, defending
the B and taking over the 'c' file.} 14. f4 $2 {creating a fatal weakness on
e3. Because of that, white will not be able to develop his N until the very
end of the game.} (14. Bf3 {[%cal Gb1d2,Gd2e4]}) 14... Rc8 15. Bd2 (15. Nd2 Ne3
16. Bxb7 Qxb7 17. Rf2 Rc2 $17) 15... Be7 {[%csl Ra1,Rb1]} 16. Qf3 (16. Rc1 $2
Qxc1+ 17. Bxc1 Rxc1+ 18. Kf2 O-O {[%cal Gf8c8,Gc8c2] white is hopeless.}) (16.
Na3 Bxa3 17. bxa3 Nc3 18. Bxc3 (18. Qg4 Nxe4 19. dxe4 O-O $17) 18... dxc3 $17 {
[%csl Ra2,Ra3][%cal Gc3c1]}) 16... Qc2 (16... O-O 17. Qh3 g6 $17) 17. f5 {
Setting the board on fire. However, when the smoke is gone white's position
remains hopeless.} (17. Bc1 Qxc1 18. Rxc1 Rxc1+ 19. Kf2 O-O {Due to the fact
that white cannot develop his Q side pieces, black's position is won}) 17...
Qxb2 $19 18. Qh5 (18. fxe6 fxe6 19. Qf7+ Kd7 20. Bxd5 Bxd5 $19 {[%cal Gb2g2,
Yd5g2]}) 18... g6 19. fxg6 fxg6 20. Qg4 (20. Bxg6+ hxg6 21. Qxh8+ Kd7 22. Qg7
Qxa1 23. Nc3 dxc3 24. Rxa1 cxd2 $19) 20... Kd7 (20... Qxa1 {would have given
white a little more chances} 21. Qxe6 Qxa2 22. Qf7+ Kd8 23. Ba5+ Qxa5 24. Bxd5
Rf8 $19) 21. Bg5 Qxa1 22. Bxe7 Kxe7 23. Qh4+ Ke8 {white makes a few more moves,
trying his last chance} 24. Bxd5 Bxd5 25. Qf6 Kd7 26. Qf7+ Kc6 27. Qa7 $1 Qxa2
{not falling into:} (27... Qb2 $4 {it still wasn't too late to draw this game}
28. Qxa6+ Kd7 29. Rf7+ Ke8 30. Qxc8+ Kxf7 31. Qd7+ Kf8 32. Qd8+ Kg7 33. Qf6+
Kh6 34. Qh4+) 28. Rc1+ Bc4 29. dxc4 b4 $1 30. c5 Rb8 31. Qe7 Rhd8 32. Qf7 Rf8 (
32... Rf8 33. Qe7 Qf2+ 34. Kh1 Qf1+) 0-1